000 00555nam a22002057a 4500
003 OSt
005 20220107122723.0
008 130828b xxu||||| |||| 00| 0 eng d
020 _a9789814295239
040 _cIIITM-K
082 _a616.07548 JAR/T
100 _aJara, Hernan
_92309
245 _aTheory of quantitative magnetic resonance imaging
_cby Hernan Jara
260 _aWorld Scientific,
_bSingapore,
_c2013.
300 _axiv, 250p.
650 _aMAGNETIC RESONANCE
_92310
650 _aIMAGING
_92311
650 _aMRI
_92312
942 _2ddc
_cBK
999 _c3359
_d3359